| 000 | 00530ntaaa2200193 4500 | ||
|---|---|---|---|
| 003 | 01 | ||
| 005 | 20251027201134.0 | ||
| 008 | 0714s1973 ag 01 | ||
| 040 |
_aAR-BaBN _bspa _cAR-BaBN _eaacr _dRIC |
||
| 082 | _a220 Sch7 | ||
| 100 |
_aSchrijver, Silvio de _99150 |
||
| 245 |
_aEncĂclicas sobree el estudio de la Biblia / _cSilvio de Schrijver |
||
| 250 | _a1 ed. | ||
| 260 |
_as.l. : _bEdiciones Pax et Bonum, _c1944 |
||
| 300 | _a178 p. | ||
| 650 | _aBiblia-Estudio de la | ||
| 650 |
_aCatolicismo-Biblia _99152 |
||
| 942 | _cBK | ||
| 999 |
_c5642 _d5642 |
||